000 00975cam a22003011a 4500
001 127160
005 20230410104013.0
008 720107s1962 nyu 000 0 eng
035 _a4531064
010 _a 62008702
035 _9(DLC) 62008702
040 _aDLC
_cDLC
_dDLC
041 1 _aeng
_hger
050 1 4 _aCB 83
_bS747d 1962
082 0 0 _a901.9
100 1 _aSpengler, Oswald,
_d1880-1936.
240 1 0 _aUntergang des Abendlandes.
_lEnglish
245 1 4 _aThe decline of the West /
_can abridged edition by Helmut Werner ; English abridged edition prepared by Arthur Helps from the translation by Charles Francis Atkinson.
250 _a[1st American ed.]
260 _aNew York :
_bKnopf,
_c1962.
300 _axxvii, 414, xxviii p. ;
_c25 cm.
650 0 _aCivilization
_xHistory.
650 4 _aCivilización
_xHistoria.
700 1 _aWerner, Helmut.
700 1 _aHelps, Arthur.
700 1 _aAtkinson, Charles Francis,
_d1880-
942 _2lcc
_cbk
999 _c30134
_d30134